Čoġay-quzi, Qara-qum, Kök-öng

Elmentve itt :
Bibliográfiai részletek
Szerző: Czeglédy Károly
Dokumentumtípus: Cikk
Megjelent: 1963
Sorozat:A Magyar Tudományos Akadémia Nyelv- és Irodalomtudományi Osztályának Közleményei
Kulcsszavak:Feliratok - török - 7. sz. - forrás, Nyelvemlék - török, Földrajzi nevek - ótörök nyelv
Tárgyszavak:
Online Access:http://misc.bibl.u-szeged.hu/62199
LEADER 00929nab a2200241 i 4500
001 misc62199
005 20240902110638.0
008 240426s1963 hu o 000 hun d
022 |a 0025-0368 
040 |a SZTE Miscellanea Repozitórium  |b hun 
041 |a hun 
100 1 |a Czeglédy Károly 
245 1 0 |a Čoġay-quzi, Qara-qum, Kök-öng  |h [elektronikus dokumentum] /  |c  Czeglédy Károly 
260 |c 1963 
300 |a 279-294  |c 24 cm 
300 |a [16] p.  |c 24 cm 
490 0 |a A Magyar Tudományos Akadémia Nyelv- és Irodalomtudományi Osztályának Közleményei 
561 |a Németh Gyula hagyaték 
591 |a LOA 621; XKEK 2512; NOD 0036 
650 4 |a Bölcsészettudományok 
650 4 |a Nyelvek és irodalom 
695 |a Feliratok - török - 7. sz. - forrás, Nyelvemlék - török, Földrajzi nevek - ótörök nyelv 
856 4 0 |u http://misc.bibl.u-szeged.hu/62199/1/0036_nod.pdf  |z Dokumentum-elérés